Islamský extrémizmus v súčasnej dobe

Islamizmus ako najorganizovanejšia politická opozícia súčasným arabským vládnym režimom. Kontrolovaná demokracia v Egypte. Islamský džihád pod tlakom vlády. Snaha extrémistických organizácií destabilizovať režim. Spolupráca vlády s umiernenými fundamentalistami. Medziarabská spolupráca v boji s tero...

Descripción completa

Guardado en:
Detalles Bibliográficos
Autor principal: Sayfiddinov, Alisher
Formato: Capítulo de libro
Lenguaje:eslovaco
Materias:
Etiquetas: Agregar Etiqueta
Sin Etiquetas, Sea el primero en etiquetar este registro!

MARC

LEADER 00000naa$a2200000$$$4500
001 0052637
005 20240502071617.2
041 0 |a slo 
044 |a SK 
245 1 0 |a Islamský extrémizmus v súčasnej dobe  |c Alisher Saifiddinov 
520 |a Islamizmus ako najorganizovanejšia politická opozícia súčasným arabským vládnym režimom. Kontrolovaná demokracia v Egypte. Islamský džihád pod tlakom vlády. Snaha extrémistických organizácií destabilizovať režim. Spolupráca vlády s umiernenými fundamentalistami. Medziarabská spolupráca v boji s terorizmom. Extrémistické zoskupenia ako politické inštitúcie. Salafitská doktrína. 
610 2 0 |a náboženstvo 
610 2 0 |a islam 
610 2 0 |a konflikty náboženské 
610 2 0 |a terorizmus 
610 2 0 |a extrémizmus 
610 2 0 |a strany politické 
610 2 0 |a vláda 
610 2 0 |a národ 
610 2 0 |a Arabi 
610 2 0 |a Egypt 
100 1 |a Sayfiddinov, Alisher